Statistics for Five Countries With The Most Internet Users By Continent

Click here to take the quiz!

General Stats

  • This quiz has been taken 32 times
  • The average score is 21 of 30

Answer Stats

%Africa% Correct
81.5Australia
96%
89.0Canada
96%
92.2United States
93%
85.5Argentina
89%
84.6Brazil
89%
87.7Chile
89%
83.5New Zealand
85%
53.6South Africa
85%
96.6United Kingdom
81%
88.9Uruguay
81%
99.5Bahrain
74%
48.9Fiji
74%
100Monaco
74%
94.5Qatar
74%
95.2United Arab Emirates
74%
73.9Paraguay
70%
95.4South Korea
70%
95.9Kuwait
63%
51.8Nauru
63%
96.3Andorra
59%
95.3Liechtenstein
59%
94.8Norway
59%
49.3Tuvalu
59%
59.6Algeria
56%
83.4Costa Rica
56%
83.4Antigua and Barbuda
52%
63.8Nigeria
52%
94.0Saint Kitts and Nevis
52%
54.1Mauritius
48%
53.1Cape Verde
44%

Score Distribution

Percentile by Number Answered

Percent of People with Each Score

Your Score History

You have not taken this quiz